Late night thoughts on listening to Mahler's Ninth symphony / (Record no. 7177)
[ view plain ]
| 000 -LEADER | |
|---|---|
| fixed length control field | 00720cam a2200253 a 4500 |
| 001 - CONTROL NUMBER | |
| control field | 7177 |
| 003 - CONTROL NUMBER IDENTIFIER | |
| rucl marc code | BD-RjUL |
| 005 - DATE AND TIME OF LATEST TRANSACTION | |
| control field | 20211208234357.0 |
| 008 - FIXED-LENGTH DATA ELEMENTS--GENERAL INFORMATION | |
| fixed length control field | 140113s1983 nyu 000 0 eng |
| 020 ## - INTERNATIONAL STANDARD BOOK NUMBER | |
| International Standard Book Number | 0670703907 |
| 035 ## - SYSTEM CONTROL NUMBER | |
| System control number | (BD-RjUL)7219 |
| 040 ## - CATALOGING SOURCE | |
| Original cataloging agency | LC |
| Language of cataloging | eng |
| Transcribing agency | LC |
| Modifying agency | NU |
| -- | BD-RjUL |
| 041 ## - LANGUAGE CODE | |
| Language code of text/sound track or separate title | eng |
| 082 04 - DEWEY DECIMAL CLASSIFICATION NUMBER | |
| Classification number | 081 |
| Edition number | 19 |
| Author mark and year | THL 1983 |
| 100 1# - MAIN ENTRY--PERSONAL NAME | |
| Personal name | Thomas, Lewis, |
| Dates associated with a name | 1913- |
| 9 (RLIN) | 22457 |
| 245 10 - TITLE STATEMENT | |
| Title | Late night thoughts on listening to Mahler's Ninth symphony / |
| Statement of responsibility, etc. | by Lewis Thomas. |
| 260 ## - PUBLICATION, DISTRIBUTION, ETC. (IMPRINT) | |
| Place of publication, distribution, etc. | New York : |
| Name of publisher, distributor, etc. | Viking Press, |
| Date of publication, distribution, etc. | 1983. |
| 300 ## - PHYSICAL DESCRIPTION | |
| Pagination | vi, 168 p. ; |
| Size | 21 cm. |
| 650 #0 - SUBJECT ADDED ENTRY--TOPICAL TERM | |
| Topical term or geographic name as entry element | Science |
| General subdivision | Philosophy. |
| 9 (RLIN) | 22458 |
| Topical term or geographic name as entry element | Biology |
| General subdivision | Philosophy. |
| 9 (RLIN) | 3798 |
| 942 ## - ADDED ENTRY ELEMENTS (KOHA) | |
| Source of classification or shelving scheme | Dewey Decimal Classification |
| Koha item type | Books |
| Lost status | Source of classification or shelving scheme | Damaged status | Not for loan | Collection code | Permanent Location | Current Location | Shelving location | Date acquired | Source of acquisition | Total Checkouts | Full call number | Date last seen | Copy number | Koha item type |
|---|---|---|---|---|---|---|---|---|---|---|---|---|---|---|
| Dewey Decimal Classification | Not For Loan | Non-fiction | Central Library, University of Rajshahi | Central Library, University of Rajshahi | 10/09/1982 | Asia foundation | 081 THL 1983 | 13/01/2014 | C-1 | Books | ||||
| Dewey Decimal Classification | Non-fiction | Central Library, University of Rajshahi | Central Library, University of Rajshahi | 08/10/1985 | gift | 081 THL 1983 | 20/04/2017 | C-2 | Books |